• 首页
  • 本馆介绍
  • 公告通知
  • 最新文献
  • 馆藏检索
  • 电子资源
  • 读者导购
  • 参考咨询
  • 我的图书馆
  • 登录
  • 详细信息显示
  • 放入我的书架
  • 预约/预借图书
  • 作者相关作品
  • 分类相关作品
  • 丛书相关作品
  • 出版社相关作品

书目信息

  • 表格格式
  • 工作单格式
  • 卡片格式
题名:
首都基础教育发展报告
    
 
作者: 张景斌 主编 ;首都师大 著
分册: 2013  
出版信息: 北京   首都师范大学出版社  2014
页数: 198页
开本: 24cm
丛书名:
单 册:
中图分类: G639.21
科图分类:
主题词: 基础教育--研究报告--北京--2013
电子资源:
ISBN: 978-7-5656-1867-3
000 01113nam0 2200265 450
001 012015000047
005 20151210162706.90
010    @a978-7-5656-1867-3@dCNY26.00
100    @a20140727d2014 em y0chiy50 ea
101 0  @achi@eeng
102    @aCN@b110000
105    @ay z 000yy
106    @ar
200 1  @a首都基础教育发展报告@Ashou du ji chu jiao yu fa zhan bao gao@h2013@dCapital institute of basic education development@h2013@f首都师范大学首都基础教育发展研究院著@zeng
210    @a北京@c首都师范大学出版社@d2014
215    @a198页@d24cm
314    @a主编取自编委会名单
330    @a本书以主题研究报告的形式对2011-2012年度北京地区基础教育发展的突出问题的主题性总结、分析和预测。全书共有十个专题分为四个板块,分别为区域教育发展、育人体系建设、学校质量提升和特别观察。
510 1  @aCapital institute of basic education development@h2013@zeng
606 0  @a基础教育@x研究报告@y北京@z2013
690    @aG639.21@v5
701  0 @a张景斌@Azhang jing bin@4主编
712 02 @a首都师大@Ashou du shi da@b首都基础教育发展研究院@4著
801  0 @aCN@b碧洲教育@c20151129
905    @a10447@f3@dG639.21@e1157
    
    首都基础教育发展报告.2013=Capital institute of basic education development.2013/首都师范大学首都基础教育发展研究院著.-北京:首都师范大学出版社,2014
    198页;24cm
    
    
    ISBN 978-7-5656-1867-3:CNY26.00
    本书以主题研究报告的形式对2011-2012年度北京地区基础教育发展的突出问题的主题性总结、分析和预测。全书共有十个专题分为四个板块,分别为区域教育发展、育人体系建设、学校质量提升和特别观察。
●
相关链接 在E读中查询图书 在五车中查询图书 在当当中查询图书 在豆瓣中查询图书


正题名:首都基础教育发展报告     索取号:G639.21/1157         预约/预借

序号 登录号 条形码 馆藏地/架位号 状态 备注
1 0872301   208723014   第一样本阅览室/ [索取号:G639.21/1157] 在馆    
2 0872302   208723023   教育系资料室/ [索取号:G639.21/1157] 在馆    
3 0872303   208723032   教育系资料室/ [索取号:G639.21/1157] 在馆    
唐山师范学院图书馆 欢迎您!
大连网信软件有限公司© 版权所有